| 000 | 01003cam a2200301 4500 | ||
|---|---|---|---|
| 001 | J88785 | ||
| 008 | 090401t1997 xxu||||| |||| 00| 0 eng d | ||
| 020 | _a0580276597 | ||
| 035 | _a(Sirsi) u83174 | ||
| 041 | _aeng | ||
| 110 |
_aBritish Standards Institution _9130 |
||
| 245 | _aFire precautions in the design, construction and use of buildings. Part 11: code of practice for shops, offices, industrial, storage and other similar buildings. | ||
| 260 |
_aLondon _bBritish Standards Institution _c1997 |
||
| 300 | _aiv,106p. : ill. ; 30cm. | ||
| 350 | _a120.6 | ||
| 490 |
_aBS _v5588-11: 1997 |
||
| 520 | _aIncorporates Amendment 1 (9838). Supersedes BS 5588-3: 1983. | ||
| 650 | _aBS 5588-3: 1983 | ||
| 650 | _aBS 5588-11: 1997 | ||
| 650 | _aFIRE PRECAUTIONS | ||
| 650 | _aMANAGEMENT-HEALTH AND SAFETY-FIRE SAFETY | ||
| 650 | _aINDUSTRIAL BUILDINGS | ||
| 650 | _aOFFICES | ||
| 650 | _aSHOPS | ||
| 690 | _aBUILT ENVIRONMENT-BUILDING STANDARDS | ||
| 942 | _n0 | ||
| 948 | _c20/01/1998 | ||
| 999 |
_c96869 _d96869 |
||